[Event "Olympiad Women-34"]
[Site "Istanbul"]
[Date "2000.11.12"]
[Round "14.1"]
[White "Babayeva, Fanara"]
[Black "Botsari, Anna Maria"]
[Result "1/2-1/2"]
[WhiteElo "2257"]
[BlackElo "2325"]
[PlyCount "54"]
[EventDate "2000.10.28"]
[EventType "team-swiss"]
[EventRounds "14"]
[EventCountry "TUR"]
[SourceTitle "EXT 2001"]
[Source "ChessBase"]
[SourceDate "2000.11.22"]
[SourceVersion "1"]
[SourceVersionDate "2000.11.22"]
[SourceQuality "1"]
[WhiteTeam "Azerbaijan (W)"]
[BlackTeam "Greece (W)"]
[WhiteTeamCountry "AZE"]
[BlackTeamCountry "GRE"]

1. e4 c5 2. c3 d5 3. exd5 Qxd5 4. d4 Nf6 5. Nf3 e6 6. Na3 Nc6 7. Nb5 Qd8 8. dxc5 Bxc5 9. Qxd8+ Kxd8 10. Bf4 Nd5 11. 0-0-0 Ke7 12. Bg3 a6 13. Nbd4 Nxd4 14. Nxd4 Rd8 15. Be2 Bd7 16. Bf3 Ba4 17. Rd2 Kf8 18. Nb3 Be7 19. Bxd5 exd5 20. Rhd1 Bf6 21. f3 d4 22. cxd4 Rd5 23. Kb1 Re8 24. Re1 Rxe1+ 25. Bxe1 Bxb3 26. axb3 Rxd4 27. Rxd4 Bxd4 1/2-1/2

[Event "Olympiad Women-34"]
[Site "Istanbul"]
[Date "2000.11.04"]
[Round "7.1"]
[White "Babayeva, Fanara"]
[Black "Vijayalakshmi, Subbaraman"]
[Result "0-1"]
[WhiteElo "2257"]
[BlackElo "2378"]
[PlyCount "80"]
[EventDate "2000.10.28"]
[EventType "team-swiss"]
[EventRounds "14"]
[EventCountry "TUR"]
[SourceTitle "EXT 2001"]
[Source "ChessBase"]
[SourceDate "2000.11.22"]
[SourceVersion "1"]
[SourceVersionDate "2000.11.22"]
[SourceQuality "1"]
[WhiteTeam "Azerbaijan (W)"]
[BlackTeam "India (W)"]
[WhiteTeamCountry "AZE"]
[BlackTeamCountry "IND"]

1. e4 e5 2. Nf3 Nc6 3. Bc4 Bc5 4. c3 Nf6 5. d4 exd4 6. cxd4 Bb4+ 7. Nc3 Nxe4 8. 0-0 Bxc3 9. d5 Bf6 10. Re1 Ne7 11. Rxe4 d6 12. Bg5 Bxg5 13. Nxg5 h6 14. Qe2 hxg5 15. Re1 Be6 16. dxe6 f6 17. Re3 Kf8 18. Rh3 Rxh3 19. gxh3 Qe8 20. Bd3 g6 21. Qf3 Kg7 22. Qxb7 Qb8 23. Qf3 d5 24. Re2 c6 25. Qg3 Qxg3+ 26. hxg3 f5 27. Kg2 Kf6 28. Bc2 Rb8 29. Bd1 Rb4 30. f3 c5 31. Kf2 Rb6 32. a3 f4 33. g4 Rxe6 34. Rxe6+ Kxe6 35. Ke2 Nc6 36. Kd3 Ne5+ 37. Kc3 d4+ 38. Kd2 Kd5 39. b3 c4 40. bxc4+ Kxc4 0-1

[Event "Olympiad Women-34"]
[Site "Istanbul"]
[Date "2000.10.31"]
[Round "4.1"]
[White "Mendoza, Beverly"]
[Black "Babayeva, Fanara"]
[Result "1-0"]
[WhiteElo "2098"]
[BlackElo "2257"]
[PlyCount "123"]
[EventDate "2000.10.28"]
[EventType "team-swiss"]
[EventRounds "14"]
[EventCountry "TUR"]
[SourceTitle "EXT 2001"]
[Source "ChessBase"]
[SourceDate "2000.11.22"]
[SourceVersion "1"]
[SourceVersionDate "2000.11.22"]
[SourceQuality "1"]
[WhiteTeam "Philippines (W)"]
[BlackTeam "Azerbaijan (W)"]
[WhiteTeamCountry "PHI"]
[BlackTeamCountry "AZE"]

1. e4 e5 2. Nf3 Nc6 3. Bb5 a6 4. Ba4 Nf6 5. Qe2 b5 6. Bb3 Be7 7. c3 0-0 8. 0-0 d6 9. Rd1 Na5 10. Bc2 c5 11. d3 Ne8 12. d4 Qc7 13. dxc5 dxc5 14. Nbd2 Bb7 15. Nf1 Nc4 16. b3 Nb6 17. c4 f6 18. Bb2 Nd6 19. N3d2 Rfd8 20. Ne3 g6 21. h4 Bc8 22. h5 g5 23. g3 Kh8 24. g4 Kg8 25. Nd5 Nxd5 26. exd5 Qd7 27. f3 Re8 28. Ne4 Nxe4 29. Qxe4 Bd6 30. Kg2 Re7 31. Qe2 Qb7 32. Rab1 Bd7 33. Be4 b4 34. a3 a5 35. Ra1 Bc8 36. axb4 axb4 37. Qd3 Kh8 38. Rxa8 Qxa8 39. Ra1 Ra7 40. Rb1 Qb7 41. Bf5 Bxf5 42. Qxf5 Qe7 43. Ra1 Rxa1 44. Bxa1 Kg7 45. Bb2 Kg8 46. Kf2 Kf8 47. Ke3 Ke8 48. Ke4 Kd8 49. Qe6 Qxe6 50. dxe6 Kc7 51. Kd5 Be7 52. Bc1 Kb6 53. Be3 h6 54. Bg1 Bf8 55. e7 Bxe7 56. Ke6 Bd8 57. Kd7 Bc7 58. Bxc5+ Kxc5 59. Kxc7 Kd4 60. Kb6 f5 61. gxf5 g4 62. f6 1-0

[Event "Olympiad Women-34"]
[Site "Istanbul"]
[Date "2000.10.29"]
[Round "2.1"]
[White "Babayeva, Fanara"]
[Black "Foisor, Cristina Adela B"]
[Result "1-0"]
[WhiteElo "2257"]
[BlackElo "2386"]
[PlyCount "53"]
[EventDate "2000.10.28"]
[EventType "team-swiss"]
[EventRounds "14"]
[EventCountry "TUR"]
[SourceTitle "EXT 2001"]
[Source "ChessBase"]
[SourceDate "2000.11.22"]
[SourceVersion "1"]
[SourceVersionDate "2000.11.22"]
[SourceQuality "1"]
[WhiteTeam "Azerbaijan (W)"]
[BlackTeam "Romania (W)"]
[WhiteTeamCountry "AZE"]
[BlackTeamCountry "ROU"]

1. e4 d6 2. d4 Nf6 3. Nc3 g6 4. f4 Bg7 5. Nf3 0-0 6. Bd3 Na6 7. 0-0 c5 8. d5 Rb8 9. h3 Nc7 10. a4 a6 11. a5 e6 12. dxe6 fxe6 13. Be3 Qe7 14. Na4 Nd7 15. c3 Kh8 16. Qd2 e5 17. fxe5 Nxe5 18. Nxe5 Bxe5 19. Rxf8+ Qxf8 20. Rf1 Qg8 21. Bf4 Qe8 22. Bxe5+ Qxe5 23. Rf7 Qe8 24. Rxc7 Qxa4 25. Qf4 Bd7 26. Qf6+ Kg8 27. Bc4+ 1-0

[Event "EU-chT (Women) 3rd"]
[Site "Batumi"]
[Date "1999.12.05"]
[Round "7.1"]
[White "Babayeva, Fanara"]
[Black "Koskoska, Gabriela"]
[Result "1-0"]
[WhiteElo "2133"]
[BlackElo "2184"]
[PlyCount "71"]
[EventDate "1999.11.06"]
[EventType "team-swiss"]
[EventRounds "9"]
[EventCountry "GEO"]
[SourceTitle "CBM 073 Extra"]
[Source "ChessBase"]
[SourceDate "2000.01.11"]
[SourceVersion "1"]
[SourceVersionDate "2000.01.11"]
[SourceQuality "1"]
[WhiteTeam "Azerbaijan (W)"]
[BlackTeam "Macedonia (W)"]
[WhiteTeamCountry "AZE"]
[BlackTeamCountry "MKD"]

1. e4 c5 2. c3 Nf6 3. e5 Nd5 4. d4 cxd4 5. Qxd4 e6 6. Bc4 Nc6 7. Qe4 f5 8. Qe2 Nb6 9. Bb3 Be7 10. Nf3 0-0 11. 0-0 Kh8 12. a4 a5 13. Rd1 Qc7 14. Na3 Na7 15. Bf4 Qc6 16. Nd4 Qc5 17. Qh5 g5 18. Be3 Qc7 19. Nab5 Nxb5 20. Nxb5 Qc6 21. Nd6 Nd5 22. Nf7+ Kg7 23. Nxg5 h6 24. Nxe6+ Qxe6 25. Bxd5 Qg6 26. Qf3 Rb8 27. Ba7 Ra8 28. Bd4 Kh7 29. Bxb7 Rb8 30. Bxc8 Rfxc8 31. Rd2 Rg8 32. Be3 Qe6 33. Rad1 Rg7 34. Bf4 Rbg8 35. g3 Bd8 36. Rd6 1-0

[Event "EU-chT (Women) 3rd"]
[Site "Batumi"]
[Date "1999.12.04"]
[Round "6.1"]
[White "Koskela, Niina"]
[Black "Babayeva, Fanara"]
[Result "1/2-1/2"]
[WhiteElo "2237"]
[BlackElo "2133"]
[PlyCount "147"]
[EventDate "1999.11.06"]
[EventType "team-swiss"]
[EventRounds "9"]
[EventCountry "GEO"]
[SourceTitle "CBM 073 Extra"]
[Source "ChessBase"]
[SourceDate "2000.01.11"]
[SourceVersion "1"]
[SourceVersionDate "2000.01.11"]
[SourceQuality "1"]
[WhiteTeam "Finland (W)"]
[BlackTeam "Azerbaijan (W)"]
[WhiteTeamCountry "FIN"]
[BlackTeamCountry "AZE"]

1. e4 c5 2. Nf3 Nc6 3. Nc3 Nf6 4. Be2 e5 5. Bc4 Be7 6. d3 0-0 7. Nd2 d6 8. Nf1 Be6 9. Ne3 Nd4 10. 0-0 Nd7 11. a4 Kh8 12. Ncd5 Nb6 13. Nxb6 axb6 14. c3 Nc6 15. Bd2 Bg5 16. Qc2 Ne7 17. Qb3 Bxe3 18. fxe3 Bxc4 19. Qxc4 d5 20. exd5 Qxd5 21. Qxd5 Nxd5 22. e4 Ne7 23. Bg5 f6 24. Be3 Rfd8 25. Rfd1 Nc6 26. Kf2 Rd7 27. g4 h6 28. h4 Kg8 29. Ke2 Kf7 30. Rg1 Ke6 31. b3 Rad8 32. Rgd1 Ra8 33. Rab1 Ra7 34. Rd2 Ra8 35. Rf1 Rad8 36. Rfd1 Kf7 37. Ra1 Ra8 38. Rf1 Ke6 39. Kd1 Rad8 40. Kc2 Re8 41. Rf3 Rc8 42. Rdf2 Rcd8 43. Bd2 Rc8 44. g5 hxg5 45. hxg5 Rf8 46. Rg2 f5 47. exf5+ Rxf5 48. Rxf5 Kxf5 49. Rf2+ Kg6 50. Rf8 Rf7 51. Rxf7 Kxf7 52. b4 Ke6 53. Kb3 Kd5 54. Be3 g6 55. Bf2 Nd8 56. a5 bxa5 57. Bxc5 axb4 58. Kxb4 Ne6 59. c4+ Kc6 60. Be3 Nc7 61. Bc1 Ne6 62. Bd2 Nd8 63. Bc3 Nf7 64. Ka4 Kc5 65. Kb3 Kd6 66. Bd2 Kc6 67. Kb4 Nd8 68. Bc1 Nf7 69. Be3 Nd8 70. d4 exd4 71. Bxd4 Ne6 72. Be3 Nc7 73. Bc1 b5 74. cxb5+ 1/2-1/2

[Event "EU-chT (Women) 3rd"]
[Site "Batumi"]
[Date "1999.12.03"]
[Round "5.1"]
[White "Babayeva, Fanara"]
[Black "Jiretorn, Eva"]
[Result "1/2-1/2"]
[WhiteElo "2133"]
[BlackElo "2116"]
[PlyCount "123"]
[EventDate "1999.11.06"]
[EventType "team-swiss"]
[EventRounds "9"]
[EventCountry "GEO"]
[SourceTitle "CBM 073 Extra"]
[Source "ChessBase"]
[SourceDate "2000.01.11"]
[SourceVersion "1"]
[SourceVersionDate "2000.01.11"]
[SourceQuality "1"]
[WhiteTeam "Azerbaijan (W)"]
[BlackTeam "Sweden (W)"]
[WhiteTeamCountry "AZE"]
[BlackTeamCountry "SWE"]

1. e4 c5 2. c3 d5 3. exd5 Qxd5 4. d4 Nf6 5. Nf3 e6 6. Bd3 cxd4 7. cxd4 Be7 8. Nc3 Qd8 9. 0-0 h6 10. Ne5 0-0 11. Bc2 Nc6 12. Be3 Nb4 13. Bb1 a6 14. a3 Nbd5 15. Qd3 Re8 16. Ng4 Bd6 17. Nxd5 exd5 18. Nxf6+ Qxf6 19. Qh7+ Kf8 20. Re1 Be6 21. Bc2 g5 22. Bd2 Qg7 23. Qd3 Rac8 24. Ba4 Re7 25. Bb3 Qf6 26. Rac1 Rec7 27. Rxc7 Rxc7 28. Bc2 Rc4 29. Bc3 b5 30. Bb3 Rc8 31. Bc2 Qf4 32. g3 Qf6 33. Re3 Bg4 34. Bb3 Bf5 35. Rf3 Bxd3 36. Rxf6 Ke7 37. Rxh6 Be4 38. Kf1 Bxa3 39. Rxa6 b4 40. Ra7+ Kf6 41. Bd2 Bxb2 42. Ra6+ Kg7 43. Rd6 Bd3+ 44. Kg2 Bc4 45. Bxc4 dxc4 46. Bxb4 c3 47. Rd5 f6 48. Rc5 Rxc5 49. dxc5 Kf7 50. c6 Ke6 51. Kf3 c2 52. Bd2 c1Q 53. Bxc1 Bxc1 54. c7 Kd7 55. Ke4 Kxc7 56. Kf5 Bb2 57. f4 gxf4 58. Kxf4 Kd6 59. Kf5 Ke7 60. g4 Bc1 61. h4 Kf7 62. g5 1/2-1/2

[Event "EU-chT (Women) 3rd"]
[Site "Batumi"]
[Date "1999.12.01"]
[Round "3.1"]
[White "Cinar, Nilufer"]
[Black "Babayeva, Fanara"]
[Result "1/2-1/2"]
[WhiteElo "2052"]
[BlackElo "2133"]
[PlyCount "81"]
[EventDate "1999.11.06"]
[EventType "team-swiss"]
[EventRounds "9"]
[EventCountry "GEO"]
[SourceTitle "CBM 073 Extra"]
[Source "ChessBase"]
[SourceDate "2000.01.11"]
[SourceVersion "1"]
[SourceVersionDate "2000.01.11"]
[SourceQuality "1"]
[WhiteTeam "Turkey (W)"]
[BlackTeam "Azerbaijan (W)"]
[WhiteTeamCountry "TUR"]
[BlackTeamCountry "AZE"]

1. e4 e5 2. Nf3 Nc6 3. Bb5 a6 4. Ba4 Nf6 5. 0-0 Be7 6. Re1 b5 7. Bb3 0-0 8. a4 Bb7 9. d3 d6 10. Bd2 Qd7 11. h3 Nd8 12. axb5 axb5 13. Rxa8 Bxa8 14. Nc3 Ne6 15. Qa1 Bc6 16. Be3 Ra8 17. Qd1 Nf8 18. d4 Nxe4 19. Nxe4 Bxe4 20. Bg5 Bb7 21. dxe5 Re8 22. Bf4 Bxf3 23. Qxf3 dxe5 24. Bxe5 Bd6 25. Bc3 Rxe1+ 26. Bxe1 Qe7 27. Kf1 h6 28. Qe2 Qxe2+ 29. Kxe2 Ng6 30. g3 Kf8 31. Kf3 Ke7 32. Bd5 Bc5 33. Ke4 b4 34. f4 Nf8 35. Kd3 Bb6 36. Kc4 Nd7 37. Bc6 Nf6 38. Bf3 g5 39. fxg5 Nd7 40. Bg2 hxg5 41. Bxb4+ 1/2-1/2

[Event "Baku Cup"]
[Site "Baku"]
[Date "1999.??.??"]
[Round "5"]
[White "Babayeva, Fanara"]
[Black "Mirzoev, Azer"]
[Result "1/2-1/2"]
[WhiteElo "2133"]
[BlackElo "2438"]
[PlyCount "97"]
[EventDate "1999.11.??"]
[EventType "swiss"]
[EventRounds "9"]
[EventCountry "AZE"]
[SourceTitle "CBM 073 Extra"]
[Source "ChessBase"]
[SourceDate "2000.01.11"]
[SourceVersion "1"]
[SourceVersionDate "2000.01.11"]
[SourceQuality "1"]

1. e4 e6 2. d3 d5 3. Nd2 Nf6 4. g3 c5 5. Bg2 Nc6 6. Ngf3 Be7 7. 0-0 b6 8. Re1 Bb7 9. exd5 Nxd5 10. Nc4 0-0 11. d4 cxd4 12. Nxd4 Nxd4 13. Qxd4 Qc7 14. c3 Rad8 15. Qe4 Ba8 16. Qe2 Rfe8 17. Ne3 Bc5 18. Nxd5 Bxd5 19. Be3 Bxe3 20. Qxe3 Bxg2 21. Kxg2 Rd5 22. Rad1 Red8 23. Rxd5 Rxd5 24. Qf3 h5 25. Rd1 Rf5 26. Qa8+ Kh7 27. Qe4 g6 28. Rd3 Rc5 29. h4 b5 30. Rd4 a5 31. a3 a4 32. Qa8 Kg7 33. Rd8 Kf6 34. Rd3 Kg7 35. Rd8 Kf6 36. Rd3 Qc6+ 37. Qxc6 Rxc6 38. Kf3 Rc5 39. Ke2 e5 40. Ke3 Kf5 41. Rd6 f6 42. f3 g5 43. hxg5 Kxg5 44. Rd8 f5 45. Rg8+ Kf6 46. Rh8 Kg6 47. Rg8+ Kf6 48. Rh8 Kg6 49. Rg8+ 1/2-1/2

[Event "Russian Winter op"]
[Site "Moscow"]
[Date "1991.??.??"]
[Round "?"]
[White "Babayeva, Fanara"]
[Black "Guseinov, Aidyn"]
[Result "1/2-1/2"]
[WhiteElo "2030"]
[BlackElo "2375"]
[PlyCount "45"]
[EventDate "1991.??.??"]
[EventType "swiss"]
[EventRounds "9"]
[EventCountry "URS"]
[SourceTitle "TD"]
[Source "ChessBase"]
[SourceDate "1994.03.01"]
[SourceVersion "1"]
[SourceVersionDate "1994.03.01"]
[SourceQuality "1"]

1. e4 c5 2. c3 Nf6 3. e5 Nd5 4. d4 cxd4 5. Nf3 Nc6 6. Bc4 Nb6 7. Bb3 d6 8. exd6 Qxd6 9. 0-0 Be6 10. Bxe6 Qxe6 11. Nxd4 Nxd4 12. Qxd4 Rd8 13. Qf4 g6 14. Na3 Bg7 15. Be3 0-0 16. Rfe1 Qc6 17. Nc2 e5 18. Qh4 Nc4 19. Bc1 Rfe8 20. Ne3 Nd2 21. Nf1 Nc4 22. Ne3 Nd2 23. Nf1 1/2-1/2

[Event "Russian Winter op"]
[Site "Moscow"]
[Date "1991.??.??"]
[Round "?"]
[White "Babayeva, Fanara"]
[Black "Hramtsov, Alexander"]
[Result "1/2-1/2"]
[WhiteElo "2030"]
[BlackElo "2300"]
[PlyCount "46"]
[EventDate "1991.??.??"]
[EventType "swiss"]
[EventRounds "9"]
[EventCountry "URS"]
[SourceTitle "TD"]
[Source "ChessBase"]
[SourceDate "1994.03.01"]
[SourceVersion "1"]
[SourceVersionDate "1994.03.01"]
[SourceQuality "1"]

1. e4 g6 2. d4 Bg7 3. Nc3 Nc6 4. Nf3 d6 5. h3 Nf6 6. Be2 0-0 7. 0-0 Re8 8. Be3 e5 9. dxe5 Nxe5 10. Nxe5 Rxe5 11. Bf4 Re8 12. e5 dxe5 13. Qxd8 Rxd8 14. Bxe5 Bf5 15. Bxc7 Rd7 16. Bf4 Bxc2 17. Rac1 Bf5 18. Rfd1 Rxd1+ 19. Rxd1 Ne4 20. Nxe4 Bxe4 21. b4 Bf6 22. g4 Rd8 23. Rxd8+ Bxd8 1/2-1/2

[Event "URS-chT Republics (Women) 2nd final B"]
[Site "Azov"]
[Date "1991.??.??"]
[Round "3"]
[White "Babayeva, Fanara"]
[Black "Sabirova, Sophia"]
[Result "1/2-1/2"]
[WhiteElo "2065"]
[BlackElo "2075"]
[PlyCount "20"]
[EventDate "1991.??.??"]
[EventType "team-tourn"]
[EventRounds "6"]
[EventCountry "URS"]
[SourceTitle "EXT 2020"]
[Source "ChessBase"]
[SourceDate "2019.10.17"]
[SourceVersion "1"]
[SourceVersionDate "2019.10.17"]
[SourceQuality "1"]
[WhiteTeam "Azerbaijan (W)"]
[BlackTeam "Kyrgyzstan (W)"]
[WhiteTeamCountry "AZE"]
[BlackTeamCountry "KGZ"]

1. e4 c5 2. c3 b6 3. d4 Bb7 4. Bd3 Nf6 5. f3 cxd4 6. cxd4 Nc6 7. Ne2 e5 8. d5 Nb4 9. a3 Nxd3+ 10. Qxd3 a5 1/2-1/2

[Event "Russian Winter op"]
[Site "Moscow"]
[Date "1991.??.??"]
[Round "?"]
[White "Rogozenco, Dorian"]
[Black "Babayeva, Fanara"]
[Result "1-0"]
[WhiteElo "2315"]
[BlackElo "2030"]
[PlyCount "83"]
[EventDate "1991.??.??"]
[EventType "swiss"]
[EventRounds "9"]
[EventCountry "URS"]
[SourceTitle "TD"]
[Source "ChessBase"]
[SourceDate "1994.03.01"]
[SourceVersion "1"]
[SourceVersionDate "1994.03.01"]
[SourceQuality "1"]

1. e4 e5 2. Nf3 Nf6 3. Nxe5 Nxe4 4. Qe2 Qe7 5. Qxe4 d6 6. d4 dxe5 7. dxe5 Nc6 8. f4 Qb4+ 9. Nd2 Qxe4+ 10. Nxe4 Nb4 11. Bd3 Be6 12. Bd2 Nxd3+ 13. cxd3 0-0-0 14. Ke2 Bg4+ 15. Ke3 Be7 16. h3 Bf5 17. g4 Rxd3+ 18. Kxd3 Rd8+ 19. Ke3 Bxe4 20. Kxe4 Rxd2 21. Rab1 Bc5 22. Rhd1 Re2+ 23. Kf5 Be7 24. g5 Rg2 25. Rd3 b6 26. a3 a5 27. b4 axb4 28. axb4 g6+ 29. Ke4 Rc2 30. b5 Bc5 31. Rbb3 Re2+ 32. Kf3 Rf2+ 33. Kg3 Rf1 34. Rb2 Rg1+ 35. Rg2 Rb1 36. Ra2 Rg1+ 37. Kf3 Rf1+ 38. Kg3 Rg1+ 39. Kh2 Rf1 40. Ra8+ Kb7 41. Rdd8 c6 42. Rab8+ 1-0

[Event "Russian Winter op"]
[Site "Moscow"]
[Date "1991.??.??"]
[Round "?"]
[White "Shahtahtinsky, Alekper"]
[Black "Babayeva, Fanara"]
[Result "1/2-1/2"]
[WhiteElo "2365"]
[BlackElo "2030"]
[PlyCount "93"]
[EventDate "1991.??.??"]
[EventType "swiss"]
[EventRounds "9"]
[EventCountry "URS"]
[SourceTitle "TD"]
[Source "ChessBase"]
[SourceDate "1994.03.01"]
[SourceVersion "1"]
[SourceVersionDate "1994.03.01"]
[SourceQuality "1"]

1. c4 Nf6 2. Nc3 d5 3. cxd5 Nxd5 4. g3 Nxc3 5. bxc3 g6 6. Bg2 Bg7 7. Rb1 c6 8. Nf3 0-0 9. h4 h5 10. 0-0 Nd7 11. d4 e5 12. Ng5 Qa5 13. d5 Qxa2 14. dxc6 bxc6 15. Be3 Nb8 16. Bf3 Bf5 17. Rb7 Qc4 18. Qd6 e4 19. Bg2 a5 20. Bd4 Qd5 21. Nxf7 Rxf7 22. Rxb8+ Rxb8 23. Qxb8+ Rf8 24. Qa7 Rf7 25. Qa8+ Rf8 26. Qa7 Rf7 27. Qb6 Qb5 28. Qd8+ Rf8 29. Qd6 Bxd4 30. cxd4 a4 31. e3 Qb2 32. Qxc6 a3 33. Bxe4 Bxe4 34. Qxe4 a2 35. Qxg6+ Kh8 36. Qxh5+ Kg8 37. Qd1 Rxf2 38. Rxf2 a1Q 39. Qf1 Qxf1+ 40. Kxf1 Qc1+ 41. Ke2 Qc2+ 42. Kf3 Qf5+ 43. Kg2 Qe4+ 44. Kh2 Qxe3 45. Rf4 Kg7 46. Kg2 Kg6 47. Kh2 1/2-1/2